Vista normal
Vista MARC
Entrada Nombre Personal
Número de registros utilizados en: 3
001 - NUMERO DE CONTROL
- control field: 23464
003 - IDENTIFICADOR DEL NÚMERO DE CONTROL
- control field: AR-RoUNA
005 - FECHA Y HORA DE LA ÚLTIMA TRANSACCIÓN
- control field: 20250905144138.0
008 - ELEMENTOS DE DATOS DE LONGITUD FIJA
- fixed length control field: 190829|| aca||aabn | a|a d
010 ## - NÚMERO DE CONTROL DE LA BIBLIOTECA DEL CONGRESO
- LC control number: n 91046969
040 ## - FUENTE DE CATALOGACIÓN
- Original cataloging agency: AR-RoUNA
- Transcribing agency: AR-RoUNA
100 ## - ENCABEZADO--NOMBRE PERSONAL
- Nombre personal: Fiell, Charlotte,
- Fechas asociadas con un nombre: 1965-
372 ## - GRUPO ASOCIADO
- Grupo asociado: Diseño
- Fuente del término: lcsh
374 ## - OCUPACION
- Ocupación: Autora
- Fuente del término: lcsh
377 ## - LENGUAJE ASOCIADO
- Código de lengua: eng
400 1# - REFERENCIA DE ENVIO “VEASE” - NOMBRE PERSONAL
- Nombre personal: Fiell, Charlotte J.,
- Fechas asociadas a un nombre: 1965-
400 1# - REFERENCIA DE ENVIO “VEASE” - NOMBRE PERSONAL
- Nombre personal: シャーロット・フィール
400 1# - REFERENCIA DE ENVIO “VEASE” - NOMBRE PERSONAL
- Nombre personal: Fiell, Charlotte Jane
670 ## - FUENTE EN LA QUE SE LOCALIZARON DATOS
- Cita fuente: Work cat.: (AR-RoUNA): Fiell, Charlotte, Scandinavian design = Diseño escandinavo, 2003
670 ## - FUENTE EN LA QUE SE LOCALIZARON DATOS
- Cita fuente: 1940s fashion, 2013:
- Información encontrada: page 4 of jacket (Charlotte Fiell is a leading authority on twentieth century and twenty-first century design. She has written and edited over 40 internationally bestselling books on the subject)
670 ## - FUENTE EN LA QUE SE LOCALIZARON DATOS
- Cita fuente: Charles Rennie Mackintosh, c1995:
- Información encontrada: t.p. (Charlotte Fiell) jkt. (b. 1965)